• 首页
  • 本馆介绍
  • 公告通知
  • 最新文献
  • 馆藏检索
  • 电子资源
  • 读者导购
  • 参考咨询
  • 我的图书馆
  • 登录
  • 详细信息显示
  • 放入我的书架
  • 预约/预借图书
  • 作者相关作品
  • 分类相关作品
  • 丛书相关作品
  • 出版社相关作品

书目信息

  • 表格格式
  • 工作单格式
  • 卡片格式
题名:
民间文学基本知识
    
 
作者: 张紫晨 著
分册:  
出版信息: 上海   上海文艺出版社  1979
页数: 258页
开本: 19cm
丛书名:
单 册:
中图分类: I057
科图分类:
主题词: 民间文学--基本知识
电子资源:
ISBN:
000 00575nam0 2200217 450
001 1534855906
005 20150123094200.04
010    @dCNY0.65
091    @a10078.3098
100    @a19950718d1979 em y0chiy0110 ea
101 0  @achi
102    @aCN@b310000
105    @ay z 000zy
200 1  @a民间文学基本知识@9min jian wen xue ji ben zhi shi@f张紫晨著
210    @a上海@c上海文艺出版社@d1979
215    @a258页@d19cm
606 0  @a民间文学@x基本知识
690    @aI057@v5
701  0 @a张紫晨@9zhang zi chen@4著
801  0 @aCN@bTSSF@c20150123
905    @aZUCC@dI057@eJY1
    
    民间文学基本知识/张紫晨著.-上海:上海文艺出版社,1979
    258页;19cm
    
    
    ISBN :CNY0.65
    
●
相关链接 在E读中查询图书 在五车中查询图书 在当当中查询图书 在豆瓣中查询图书


正题名:民间文学基本知识     索取号:I057/JY1         预约/预借

序号 登录号 条形码 馆藏地/架位号 状态 备注
1 7844197   278441973   学院路分馆/ [索取号:I057/JY1] 在馆    
2 7844198   278441982   学院路分馆/ [索取号:I057/JY1] 在馆    
3 7844199   278441991   学院路分馆/ [索取号:I057/JY1] 在馆    
4 7844200   278442008   学院路分馆/ [索取号:I057/JY1] 在馆    
5 7844201   278442017   学院路分馆/ [索取号:I057/JY1] 在馆    
6 7844202   278442026   学院路分馆/ [索取号:I057/JY1] 在馆    
唐山师范学院图书馆 欢迎您!
大连网信软件有限公司© 版权所有